00721nam a2200193 a 4500003000400000005001700004008003600021040002500057082002600082100003300108245009000141260004700231300002200278500006400300504003500364650003800399650004000437700005000477OSt20230331073628.0190805s1990 dr 000 spa d aDO-SdBNPbspacBNPHU a346.0668bC313d, 1990 aCarrasco, Nelson Eddyd1940- 0aDerecho cooperativo /cEddy Carrasco ; prólogo Lupo Hernández Rueda.dy Carrasco ; aSanto Domingo,b Editora Visión, c1990. a420 p. ;c21 cm.  aIncluye datos biográficos del autor en la contracubierta  aBibliografía : p.[429-433]  72LembaCooperativasxLegislación 72LembaCooperativismoxLegislación aHernández Rueda, Lupo,d1930-2017epról.